[Event "Go-Makkah Chess Festival 2019"]
[Site "Sousse"]
[Date "2019.09.06"]
[Round "5.3"]
[White "Kjartansson, David"]
[Black "Amdouni, Zoubaier"]
[Result "0-1"]
[WhiteElo "2401"]
[BlackElo "2290"]
[Annotator "ChessBase"]
[PlyCount "130"]
[EventDate "2019.09.02"]
[EventType "swiss"]
[EventCountry "TUN"]
[SourceTitle "playchess.com"]
[Source "ChessBase"]
[SourceQuality "1"]
[TimeControl "5400+30"]

1. e4 {[%emt 0:01:27]} c5 {[%emt 0:02:16]} 2. c3 {[%emt 0:01:07]} Nf6 {[%emt 0:09:11]} 3. e5 {[%emt 0:00:10]} Nd5 {[%emt 0:00:04]} 4. Nf3 {[%emt 0:00:07]} Nc6 {[%emt 0:00:44]} 5. Bc4 {[%emt 1:29:39]} Nb6 {[%emt 0:02:21]} 6. Bb3 {[%emt 0:00:08]} d5 {[%emt 0:00:16]} 7. exd6 {[%emt 0:01:13]} Qxd6 {[%emt 0:00:03]} 8. O-O {[%emt 1:29:38]} c4 {[%emt 0:14:13]} 9. Bc2 {[%emt 0:00:09]} Bg4 {[%emt 0:00:06]} 10. Qe2 {[%emt 0:05:38]} g6 {[%emt 0:07:16]} 11. a4 {[%emt 0:33:19]} Bg7 {[%emt 0:13:07]} 12. h3 {[%emt 0:06:50]} Bxf3 {[%emt 0:18:02]} 13. Qxf3 {[%emt 0:00:15]} Ne5 {[%emt 0:03:54]} 14. Qxb7 {[%emt 0:05:13]} O-O {[%emt 0:00:31]} 15. Qe4 {[%emt 0:05:13]} Nbd7 {[%emt 0:25:26]} 16. Na3 {[%emt 0:05:27]} Nc5 {[%emt 0:00:09]} 17. Qe2 {[%emt 0:00:21]} Qd5 {[%emt 0:03:03]} 18. f4 {[%emt 0:05:02]} Ned3 {[%emt 0:00:12]} 19. Nxc4 {[%emt 0:05:39]} Qxc4 {[%emt 0:01:22]} 20. b4 {[%emt 0:00:12]} Rad8 {[%emt 0:06:42]} 21. bxc5 {[%emt 0:00:51]} Qxc5+ {[%emt 0:00:04]} 22. Kh1 {[%emt 0:01:03]} Nxc1 {[%emt 0:00:08]} 23. Raxc1 {[%emt 0:00:11]} e6 {[%emt 0:00:29]} 24. Rb1 {[%emt 0:01:20]} Qd6 {[%emt 0:01:09]} 25. Rf2 {[%emt 0:05:11]} Rd7 {[%emt 0:01:36]} 26. Be4 {[%emt 0:07:18]} Rfd8 {[%emt 0:00:34]} 27. Qe3 {[%emt 0:00:45]} Qa6 {[%emt 0:01:27]} 28. Bc2 {[%emt 0:02:39]} Rd5 {[%emt 0:03:16]} 29. d4 {[%emt 0:02:33]} Rc8 {[%emt 0:00:46]} 30. Be4 {[%emt 0:01:34]} Rd7 {[%emt 0:00:03]} 31. Ra2 {[%emt 0:00:32]} Rdc7 {[%emt 0:00:37]} 32. Rb3 {[%emt 0:00:24]} Qa5 {[%emt 0:00:24]} 33. Rbb2 {[%emt 0:00:35]} Rxc3 {[%emt 0:00:08]} 34. Qd2 {[%emt 0:00:24]} Qd8 {[%emt 0:00:51]} 35. Rc2 {[%emt 0:00:35]} Qxd4 {[%emt 0:00:31]} 36. Qxd4 {[%emt 0:00:14]} Bxd4 {[%emt 0:00:01]} 37. Rxc3 {[%emt 0:00:12]} Rxc3 {[%emt 0:00:04]} 38. Kh2 {[%emt 0:00:32]} Kg7 {[%emt 0:00:59]} 39. a5 {[%emt 0:00:13]} h5 {[%emt 0:00:15]} 40. h4 {[%emt 0:00:26]} e5 {[%emt 0:00:14]} 41. f5 {[%emt 0:01:20]} Re3 {[%emt 0:03:05]} 42. Bb1 {[%emt 0:00:24]} Re1 {[%emt 0:00:21]} 43. Bc2 {[%emt 0:00:39]} Bg1+ {[%emt 0:00:34]} 44. Kh3 {[%emt 0:00:29]} Re3+ {[%emt 0:01:35]} 45. g3 {[%emt 0:00:03]} Re2 {[%emt 0:00:05]} 46. Bb3 {[%emt 0:00:35]} Rxa2 {[%emt 0:00:22]} 47. Bxa2 {[%emt 0:00:02]} gxf5 {[%emt 0:00:04]} 48. Kg2 {[%emt 0:00:31]} Be3 {[%emt 0:00:12]} 49. Kf3 {[%emt 0:00:38]} Bd2 {[%emt 0:01:58]} 50. a6 {[%emt 0:00:08]} e4+ {[%emt 0:00:29]} 51. Kg2 {[%emt 0:02:07]} f4 {[%emt 0:00:13]} 52. gxf4 {[%emt 0:00:58]} Bxf4 {[%emt 0:00:01]} 53. Bd5 {[%emt 0:01:53]} f5 {[%emt 0:00:05]} 54. Bc6 {[%emt 0:00:04]} Bd2 {[%emt 0:00:31]} 55. Kf2 {[%emt 0:00:39]} Bb4 {[%emt 0:01:47]} 56. Be8 {[%emt 0:00:50]} Be7 {[%emt 0:00:52]} 57. Kg3 {[%emt 0:00:48]} Kf6 {[%emt 0:00:24]} 58. Bxh5 {[%emt 0:01:45]} Ke5 {[%emt 0:00:01]} 59. Be8 {[%emt 0:00:24]} f4+ {[%emt 0:00:04]} 60. Kg4 {[%emt 0:00:29]} f3 {[%emt 0:00:09]} 61. h5 {[%emt 0:01:37]} Kd4 {[%emt 0:00:01]} 62. h6 {[%emt 0:01:07]} Kc4 {[%emt 0:00:59]} 63. Bf7+ {[%emt 0:00:28]} Kb4 {[%emt 0:00:14]} 64. Kg3 {[%emt 0:00:25]} Bh4+ {[%emt 0:00:21]} 65. Kh3 {[%emt 0:00:19]} e3 {[%emt 0:00:14]} 0-1

[Event "Go-Makkah Chess Festival 2019"]
[Site "Sousse"]
[Date "2019.09.06"]
[Round "5.4"]
[White "Al Ghamdi, Ahmed M"]
[Black "Ameir, Moheb"]
[Result "1/2-1/2"]
[WhiteElo "2113"]
[BlackElo "2308"]
[Annotator "ChessBase"]
[PlyCount "139"]
[EventDate "2019.09.02"]
[EventType "swiss"]
[EventCountry "TUN"]
[SourceTitle "playchess.com"]
[Source "ChessBase"]
[SourceQuality "1"]
[TimeControl "5400+30"]

1. e4 {[%emt 0:00:46]} c5 {[%emt 0:02:50]} 2. Nf3 {[%emt 0:00:12]} Nc6 {[%emt 0:00:23]} 3. Bb5 {[%emt 0:00:19]} g6 {[%emt 0:00:17]} 4. O-O {[%emt 0:00:17]} Bg7 {[%emt 0:00:15]} 5. Re1 {[%emt 0:00:16]} Nf6 {[%emt 0:01:21]} 6. e5 {[%emt 0:00:09]} Nd5 {[%emt 0:00:16]} 7. Nc3 {[%emt 0:00:06]} Nc7 {[%emt 0:01:45]} 8. Bxc6 {[%emt 0:00:07]} dxc6 {[%emt 0:01:13]} 9. Ne4 {[%emt 0:00:17]} Ne6 {[%emt 1:26:10]} 10. d3 {[%emt 0:13:07]} O-O {[%emt 1:23:43]} 11. Be3 {[%emt 0:00:25]} b6 {[%emt 0:01:39]} 12. Qd2 {[%emt 0:01:34]} a5 {[%emt 0:04:37]} 13. a4 {[%emt 0:01:18]} f5 {[%emt 0:03:57]} 14. exf6 {[%emt 0:00:32]} exf6 {[%emt 0:00:09]} 15. Bh6 {[%emt 0:00:47]} Ra7 {[%emt 0:03:52]} 16. Bxg7 {[%emt 0:03:47]} Kxg7 {[%emt 0:06:31]} 17. Rad1 {[%emt 0:04:59]} Re7 {[%emt 0:04:54]} 18. Qc3 {[%emt 0:16:20]} Nf4 {[%emt 0:07:30]} 19. Qd2 {[%emt 0:04:54]} Qc7 {[%emt 0:03:58]} 20. Ng3 {[%emt 0:02:07]} Rfe8 {[%emt 0:04:40]} 21. Rxe7+ {[%emt 0:01:59]} Rxe7 {[%emt 0:00:02]} 22. Re1 {[%emt 0:00:20]} Rxe1+ {[%emt 0:03:17]} 23. Qxe1 {[%emt 0:00:31]} Be6 {[%emt 0:07:48]} 24. Ne2 {[%emt 0:07:44]} Bf7 {[%emt 0:03:26]} 25. Nxf4 {[%emt 0:01:09]} Qxf4 {[%emt 0:00:02]} 26. b3 {[%emt 0:00:10]} Qb4 {[%emt 0:02:23]} 27. Qxb4 {[%emt 0:11:09]} cxb4 {[%emt 0:01:35]} 28. Nd4 {[%emt 0:01:07]} Bd5 {[%emt 0:03:45]} 29. f4 {[%emt 0:01:02]} Kf7 {[%emt 0:00:53]} 30. Kf2 {[%emt 0:00:57]} Ke7 {[%emt 0:00:11]} 31. g4 {[%emt 0:00:58]} Kd6 {[%emt 0:00:29]} 32. h4 {[%emt 0:01:02]} Bf7 {[%emt 0:12:51]} 33. Ke3 {[%emt 0:01:36]} Kd5 {[%emt 0:05:34]} 34. g5 {[%emt 0:04:25]} fxg5 {[%emt 0:08:55]} 35. hxg5 {[%emt 0:00:14]} Be8 {[%emt 0:00:18]} 36. Ne2 {[%emt 0:04:13]} Bd7 {[%emt 0:07:55]} 37. d4 {[%emt 0:00:55]} Bf5 {[%emt 0:03:53]} 38. c4+ {[%emt 0:00:03]} bxc3 {[%emt 0:00:38]} 39. Nxc3+ {[%emt 0:17:37]} Kd6 {[%emt 0:01:16]} 40. Kd2 {[%emt 0:01:56]} Ke6 {[%emt 0:00:35]} 41. d5+ {[%emt 0:00:51]} cxd5 {[%emt 0:01:08]} 42. Nb5 {[%emt 0:00:09]} Bg4 {[%emt 0:00:38]} 43. Nd4+ {[%emt 0:00:41]} Kd6 {[%emt 0:01:55]} 44. Kc3 {[%emt 0:00:07]} Kc5 {[%emt 0:01:06]} 45. Nc2 {[%emt 0:01:34]} Bd7 {[%emt 0:00:28]} 46. Nd4 {[%emt 0:00:24]} Bf5 {[%emt 0:00:53]} 47. Nb5 {[%emt 0:00:37]} Be4 {[%emt 0:00:16]} 48. Nd4 {[%emt 0:00:06]} Kd6 {[%emt 0:00:27]} 49. Nb5+ {[%emt 0:00:52]} Ke7 {[%emt 0:01:34]} 50. Nd4 {[%emt 0:01:15]} Kd6 {[%emt 0:00:40]} 51. Nb5+ {[%emt 0:00:03]} Kc5 {[%emt 0:01:34]} 52. Nd4 {[%emt 0:00:34]} Bf5 {[%emt 0:00:25]} 53. Nf3 {[%emt 0:02:58]} Be4 {[%emt 0:00:42]} 54. Nd4 {[%emt 0:00:15]} Bb1 {[%emt 0:01:10]} 55. Ne6+ {[%emt 0:01:31]} Kd6 {[%emt 0:00:02]} 56. Nd4 {[%emt 0:01:29]} Ke7 {[%emt 0:00:09]} 57. Nc6+ {[%emt 0:01:42]} Ke6 {[%emt 0:02:02]} 58. Nd4+ {[%emt 0:00:08]} Kf7 {[%emt 0:00:37]} 59. b4 {[%emt 0:00:00]} axb4+ {[%emt 0:01:14]} 60. Kxb4 {[%emt 0:00:00]} Bd3 {[%emt 0:00:10]} 61. a5 {[%emt 0:00:00]} bxa5+ {[%emt 0:00:36]} 62. Kxa5 {[%emt 0:02:00]} Ke7 {[%emt 0:00:39]} 63. Kb4 {[%emt 0:00:00]} Kd6 {[%emt 0:00:13]} 64. Kc3 {[%emt 0:00:00]} Ba6 {[%emt 0:00:19]} 65. Kb4 {[%emt 0:00:00]} Bc8 {[%emt 0:00:13]} 66. Nb5+ {[%emt 0:00:00]} Ke6 {[%emt 0:01:04]} 67. Nd4+ {[%emt 0:00:00]} Kd6 {[%emt 0:00:40]} 68. Nb5+ {[%emt 0:00:00]} Ke6 {[%emt 0:00:25]} 69. Nd4+ {[%emt 0:00:00]} Kd6 {[%emt 0:00:08]} 70. Nb5+ {[%emt 0:00:00]} 1/2-1/2

[Event "Go-Makkah Chess Festival 2019"]
[Site "Sousse"]
[Date "2019.09.06"]
[Round "5.5"]
[White "Zrikem, Nassim"]
[Black "Bouzidi, Ahmed"]
[Result "1-0"]
[WhiteElo "2090"]
[BlackElo "2197"]
[Annotator "ChessBase"]
[PlyCount "41"]
[EventDate "2019.09.02"]
[EventType "swiss"]
[EventCountry "TUN"]
[SourceTitle "playchess.com"]
[Source "ChessBase"]
[SourceQuality "1"]
[TimeControl "5400+30"]

1. d4 {[%emt 0:00:00]} d5 {[%emt 0:18:20]} 2. Nf3 {[%emt 0:00:00]} Nf6 {[%emt 0:00:16]} 3. e3 {[%emt 0:01:03]} Bf5 {[%emt 0:00:06]} 4. c4 {[%emt 0:00:37]} e6 {[%emt 0:00:55]} 5. Qb3 {[%emt 0:02:46]} Qc8 {[%emt 0:07:22]} 6. Nc3 {[%emt 0:01:00]} c6 {[%emt 0:00:05]} 7. Bd2 {[%emt 0:01:48]} Nbd7 {[%emt 0:01:03]} 8. cxd5 {[%emt 0:01:30]} exd5 {[%emt 0:00:17]} 9. Rc1 {[%emt 0:00:30]} Bd6 {[%emt 0:01:13]} 10. Nb5 {[%emt 0:06:17]} Be7 {[%emt 0:20:47]} 11. Bb4 {[%emt 0:08:31]} a6 {[%emt 0:19:49]} 12. Bxe7 {[%emt 0:02:22]} Kxe7 {[%emt 0:00:51]} 13. Qb4+ {[%emt 0:09:11]} c5 {[%emt 0:00:29]} 14. dxc5 {[%emt 0:02:11]} axb5 {[%emt 0:00:08]} 15. c6+ {[%emt 0:00:23]} Kd8 {[%emt 0:00:17]} 16. c7+ {[%emt 0:13:59]} Ke8 {[%emt 0:00:07]} 17. Nd4 {[%emt 0:02:36]} Ra4 {[%emt 0:02:32]} 18. Qd6 {[%emt 0:08:48]} Rxd4 {[%emt 0:10:48]} 19. exd4 {[%emt 0:00:06]} Ne4 {[%emt 0:09:53]} 20. Qxd5 {[%emt 0:36:22]} Ndf6 {[%emt 0:01:41]} 21. Qxf5 {[%emt 0:00:22]} 1-0

[Event "Go-Makkah Chess Festival 2019"]
[Site "Sousse"]
[Date "2019.09.06"]
[Round "5.6"]
[White "Ahmed AlRehily"]
[Black "Kohlweyer, Bernd"]
[Result "1/2-1/2"]
[WhiteElo "1827"]
[BlackElo "2319"]
[Annotator "ChessBase"]
[PlyCount "48"]
[EventDate "2019.09.02"]
[EventType "swiss"]
[EventCountry "TUN"]
[SourceTitle "playchess.com"]
[Source "ChessBase"]
[SourceQuality "1"]
[TimeControl "5400+30"]

1. e4 {[%emt 0:05:45]} c6 {[%emt 0:14:57]} 2. d4 {[%emt 0:01:06]} d5 {[%emt 1:16:03]} 3. Nc3 {[%emt 0:00:42]} g6 {[%emt 1:16:26]} 4. Be3 {[%emt 0:01:06]} Bg7 {[%emt 0:00:51]} 5. Qd2 {[%emt 0:01:41]} Nf6 {[%emt 0:08:58]} 6. e5 {[%emt 0:04:49]} Ng4 {[%emt 0:00:15]} 7. Bf4 {[%emt 0:02:27]} f6 {[%emt 0:00:09]} 8. exf6 {[%emt 0:01:29]} Nxf6 {[%emt 0:00:38]} 9. O-O-O {[%emt 0:01:03]} O-O {[%emt 0:00:09]} 10. h3 {[%emt 0:02:57]} b5 {[%emt 0:02:10]} 11. f3 {[%emt 0:16:09]} Nbd7 {[%emt 0:01:41]} 12. g4 {[%emt 0:06:45]} Ne8 {[%emt 0:22:34]} 13. Bg5 {[%emt 0:09:24]} Nd6 {[%emt 0:02:03]} 14. Re1 {[%emt 0:05:17]} Rf7 {[%emt 0:06:23]} 15. h4 {[%emt 0:07:27]} Qf8 {[%emt 0:21:06]} 16. h5 {[%emt 0:05:31]} gxh5 {[%emt 0:00:09]} 17. Rxh5 {[%emt 0:01:09]} Nf6 {[%emt 0:00:57]} 18. Rh1 {[%emt 0:01:35]} b4 {[%emt 0:02:18]} 19. Na4 {[%emt 0:01:42]} Nfe4 {[%emt 0:00:11]} 20. Bd3 {[%emt 0:04:16]} Nxd2 {[%emt 0:01:54]} 21. Bxh7+ {[%emt 0:00:02]} Kh8 {[%emt 0:00:09]} 22. Bg6+ {[%emt 0:00:35]} Kg8 {[%emt 0:00:05]} 23. Bh7+ {[%emt 0:00:15]} Kh8 {[%emt 0:00:05]} 24. Bg6+ {[%emt 0:00:11]} Kg8 {[%emt 0:00:05]} 1/2-1/2

[Event "Go-Makkah Chess Festival 2019"]
[Site "Sousse"]
[Date "2019.09.06"]
[Round "5.7"]
[White "Rian, Moubarak"]
[Black "Rian, Saad"]
[Result "1/2-1/2"]
[WhiteElo "2048"]
[BlackElo "2100"]
[Annotator "ChessBase"]
[PlyCount "94"]
[EventDate "2019.09.02"]
[EventType "swiss"]
[EventCountry "TUN"]
[SourceTitle "playchess.com"]
[Source "ChessBase"]
[SourceQuality "1"]
[TimeControl "5400+30"]

1. Nf3 {[%emt 0:05:25]} d5 {[%emt 0:00:00]} 2. c4 {[%emt 0:00:25]} dxc4 {[%emt 0:00:00]} 3. Na3 {[%emt 0:00:12]} c3 {[%emt 0:00:23]} 4. bxc3 {[%emt 0:00:18]} Nf6 {[%emt 0:00:21]} 5. g3 {[%emt 1:26:10]} g6 {[%emt 0:00:18]} 6. Bg2 {[%emt 0:01:13]} Bg7 {[%emt 0:00:18]} 7. O-O {[%emt 1:25:45]} O-O {[%emt 0:00:13]} 8. Rb1 {[%emt 0:00:31]} Nbd7 {[%emt 0:00:58]} 9. d4 {[%emt 0:00:57]} Nb6 {[%emt 0:02:24]} 10. c4 {[%emt 0:01:29]} Bf5 {[%emt 0:01:09]} 11. Rb3 {[%emt 0:00:02]} Rb8 {[%emt 0:00:48]} 12. Ne5 {[%emt 0:02:18]} c6 {[%emt 0:04:50]} 13. Bf4 {[%emt 0:02:53]} Be6 {[%emt 0:10:23]} 14. Bxc6 {[%emt 0:03:56]} Nh5 {[%emt 0:00:19]} 15. Bg2 {[%emt 0:04:39]} Nxf4 {[%emt 0:00:17]} 16. gxf4 {[%emt 0:00:01]} f6 {[%emt 0:00:43]} 17. d5 {[%emt 0:02:30]} fxe5 {[%emt 0:00:27]} 18. dxe6 {[%emt 0:00:01]} exf4 {[%emt 0:01:02]} 19. c5 {[%emt 1:11:28]} Qxd1 {[%emt 0:02:12]} 20. Rxd1 {[%emt 0:00:02]} Na4 {[%emt 0:00:26]} 21. c6 {[%emt 0:01:36]} bxc6 {[%emt 0:00:37]} 22. Bxc6 {[%emt 0:00:01]} Nc3 {[%emt 0:01:58]} 23. Rd7 {[%emt 1:11:29]} Nxe2+ {[%emt 0:04:38]} 24. Kf1 {[%emt 0:00:13]} Nd4 {[%emt 0:00:12]} 25. Rxb8 {[%emt 0:01:21]} Rxb8 {[%emt 0:00:08]} 26. Bd5 {[%emt 0:00:04]} Bf6 {[%emt 1:07:56]} 27. Kg2 {[%emt 1:11:03]} g5 {[%emt 0:06:10]} 28. Nc4 {[%emt 0:01:16]} g4 {[%emt 0:00:46]} 29. h3 {[%emt 0:00:30]} h5 {[%emt 0:00:48]} 30. hxg4 {[%emt 1:09:45]} hxg4 {[%emt 1:00:53]} 31. Rxa7 {[%emt 0:00:00]} Rb1 {[%emt 0:00:00]} 32. Nd2 {[%emt 0:00:00]} f3+ {[%emt 0:00:00]} 33. Kg3 {[%emt 0:00:00]} Rg1+ {[%emt 0:00:00]} 34. Kf4 {[%emt 0:00:00]} Nb5 {[%emt 0:00:00]} 35. Ra8+ {[%emt 0:00:00]} Kg7 {[%emt 0:02:30]} 36. Ne4 {[%emt 0:00:00]} Bh4 {[%emt 0:00:00]} 37. Bc4 {[%emt 0:00:00]} Nd4 {[%emt 0:00:00]} 38. a4 {[%emt 0:00:00]} Ne2+ {[%emt 0:00:00]} 39. Ke3 {[%emt 0:00:00]} Rc1 {[%emt 0:00:00]} 40. Bxe2 {[%emt 0:05:00]} Re1 {[%emt 0:05:00]} 41. Nc3 {[%emt 0:00:00]} Bf6 {[%emt 0:00:00]} 42. Rc8 {[%emt 0:00:00]} Bxc3 {[%emt 0:00:00]} 43. Rxc3 {[%emt 0:00:00]} Rxe2+ {[%emt 0:00:00]} 44. Kf4 {[%emt 0:02:00]} Rxf2 {[%emt 0:02:00]} 45. Kxg4 {[%emt 0:00:00]} Ra2 {[%emt 0:00:00]} 46. Rxf3 {[%emt 0:00:00]} Rxa4+ {[%emt 0:00:00]} 47. Kg5 {[%emt 0:00:00]} Ra5+ {[%emt 0:00:00]} 1/2-1/2

[Event "Go-Makkah Chess Festival 2019"]
[Site "Sousse"]
[Date "2019.09.06"]
[Round "5.8"]
[White "Henni, Mohamed"]
[Black "Alkrnaf, Mohamed Othman"]
[Result "1-0"]
[WhiteElo "2205"]
[BlackElo "1915"]
[Annotator "NA"]
[PlyCount "59"]
[EventDate "2019.09.02"]
[EventType "swiss"]
[EventCountry "TUN"]
[SourceTitle "playchess.com"]
[Source "ChessBase"]
[SourceQuality "1"]
[TimeControl "5400+30"]

1. e4 {[%emt 0:16:46]} e5 {[%emt 0:00:43]} 2. Nf3 {[%emt 0:00:10]} Nc6 {[%emt 0:00:06]} 3. Bc4 {[%emt 0:00:06]} Bc5 {[%emt 0:00:07]} 4. c3 {[%emt 0:00:08]} Nf6 {[%emt 0:00:18]} 5. d3 {[%emt 0:00:06]} O-O {[%emt 0:05:08]} 6. O-O {[%emt 0:00:36]} d6 {[%emt 0:04:31]} 7. Bg5 {[%emt 0:02:22]} h6 {[%emt 0:05:36]} 8. Bh4 {[%emt 0:00:24]} Bg4 {[%emt 0:00:02] C54: Giuoco Piano: 4 c3 Nf6, main lines with 5 d4 and 5 d3} (8... a6 9. a4 Ba7 10. Na3 g5 11. Bg3 g4 12. Nh4 Nh5 13. Nc2 Qg5 14. Re1 Be6 15. Ne3 Bxe3 16. Rxe3 Bxc4 17. dxc4 Ne7 {1-0 (53) Aronian,L (2767)-Nakamura,H (2777) chess.com INT 2018}) 9. h3 {[%emt 0:00:47]} Bh5 {[%emt 0:01:01]} 10. g4 {[%emt 0:00:15]} Bg6 {[%emt 0:00:04]} 11. a4 {[%emt 0:01:02]} a5 {[%emt 0:00:43]} 12. Bg3 $146 {[%emt 0:18:14]} ({Predecessor:} 12. Nbd2 Ne7 13. Re1 Re8 14. Nf1 c6 15. Ng3 d5 16. exd5 Nexd5 17. Nxe5 {0-1 (26) Ruppel,F (1004)-Liu,L (1095) Magdeburg 2018}) 12... Bh7 {[%emt 0:03:35]} 13. Na3 {[%emt 0:07:06]} Bb6 {[%emt 0:01:52]} 14. Nc2 {[%emt 0:02:57]} Re8 {[%emt 0:03:44]} 15. Ne3 {[%emt 0:03:03]} Bxe3 {[%emt 0:05:34]} 16. fxe3 {[%emt 0:00:14]} d5 {[%emt 0:02:35]} (16... Nb8 $14) 17. exd5 {[%emt 0:01:30]} Nxd5 {[%emt 0:00:43]} 18. Qb3 $1 {[%emt 0:09:30]} Nxe3 {[%emt 0:02:36]} 19. Bxf7+ {[%emt 0:00:29] Double Attack} Kh8 {[%emt 0:00:02]} 20. Rf2 {[%emt 0:00:21]} Re7 {[%emt 0:06:30]} 21. Re1 {[%emt 0:03:34]} (21. Qxb7 Rxf7 22. Qxc6 Qd5 $18) 21... Qd7 {[%emt 0:02:49]} 22. Bh5 {[%emt 0:02:38]} ({But not} 22. Rxe3 $6 Rxf7 23. Qxb7 (23. Nxe5 Nxe5 24. Qxb7 Raf8 $14) (23. Bxe5 Raf8 $14) 23... Raf8) (22. Qxb7 $18 {and the rest is easy.} Rb8 23. Qxb8+ {[%mdl 64] Deflection} Nxb8 24. Nxe5 (24. Rxe3 Nc6 $16)) 22... Nd5 {[%emt 0:18:53]} 23. Nxe5 {[%emt 0:03:34]} Nxe5 {[%emt 0:02:30]} 24. Rxe5 {[%emt 0:06:11]} c6 {[%emt 0:06:10]} 25. Rxe7 $11 {[%emt 0:05:01]} (25. Qa3 $16) 25... Qxe7 {[%emt 0:03:29]} 26. Rf7 {[%emt 0:00:51]} Qe3+ {[%emt 0:00:51]} 27. Bf2 {[%emt 0:00:07]} Qxh3 {[%emt 0:05:45]} 28. Qxb7 {[%emt 0:00:17]} Re8 {[%emt 0:02:55]} 29. Rxg7 {[%emt 0:00:26]} Bxd3 {[%emt 0:00:31]} 30. Rh7+ {[%emt 0:00:15]} 1-0

[Event "Go-Makkah Chess Festival 2019"]
[Site "Sousse"]
[Date "2019.09.06"]
[Round "6.2"]
[White "Romero Holmes, Alfonso"]
[Black "Ezat, Mohamed"]
[Result "*"]
[WhiteElo "2414"]
[BlackElo "2458"]
[Annotator "TA"]
[PlyCount "77"]
[EventDate "2019.09.02"]
[EventType "swiss"]
[EventCountry "TUN"]
[SourceTitle "playchess.com"]
[Source "ChessBase"]
[SourceQuality "1"]

{[%evp 21,77,18,10,2,6,0,31,-13,64,43,88,83,68,91,104,44,36,51,35,0,0,0,16,17,39,22,22,33,22,29,19,8,18,19,56,0,4,-9,-10,-6,-12,-7,0,-35,-15,-105,-111,-95,-109,-146,-140,-221,-221,-212,-207,-190,0,-207]} 1. d4 d5 2. c4 e6 3. Nc3 Nf6 4. cxd5 exd5 5. Bg5 c6 6. e3 Nbd7 {[%cal Bb8d7,Bd7f8,Bf8e6][%mdl 32]} 7. Bd3 Be7 8. Qc2 O-O 9. Nf3 Re8 10. h3 Nf8 11. Bf4 Ne6 12. Be5 {D36: Queen's Gambit Declined: Exchange Variation: Main line (5 Bg5 c6 6 Qc2)} (12. Bh2 g6 13. Ne5 Ng7 14. g4 Nd7 15. O-O-O Nxe5 16. dxe5 b5 17. f4 Qb6 18. f5 Bg5 19. e6 Bxe3+ {0-1 (33) Edouard,R (2659)-Moranda,W (2591) Wroclaw 2014}) 12... g6 13. O-O-O c5 14. Bb5 {White is slightly better.} Bd7 $146 ({Black should play} 14... Rf8 $1 $11) ({Predecessor:} 14... Nxd4 15. exd4 Bf5 16. Qa4 Nd7 17. g4 Nb6 18. Qa5 Bg5+ 19. Nxg5 Rxe5 {1-0 (28) Garcia Palermo,C (2465)-Agrifoglio,F (2004) Porto Mannu 2008}) 15. Bxd7 $14 Nxd7 16. dxc5 Nxe5 17. Nxe5 d4 18. c6 (18. Qe4 $16) 18... Qc7 19. exd4 {Black must now prevent Nd5.} bxc6 20. Nxc6 {[%mdl 64] [#] Remove Defender} Qxc6 21. d5 {[%mdl 64] Double Attack} Qb7 {Threatens to win with ...Nc5.} 22. dxe6 Bg5+ 23. Kb1 {Hoping for Rd7.} Rxe6 24. h4 Bf6 25. Nd5 Rc8 26. Qb3 Qxb3 27. axb3 Bd8 28. h5 (28. g3 $14) 28... gxh5 $11 29. Rde1 h4 30. Nf4 Rxe1+ 31. Rxe1 {[%mdl 4096] Endgame KRB-KRN} Bg5 32. Nd5 Rd8 33. Re5 (33. Rd1 $11 {keeps the balance.}) 33... f6 $17 34. Rf5 Kf7 {[#] And now ...Ke6 would win.} 35. Nc3 Kg6 36. Rf3 (36. Rd5 $17 Rxd5 37. Nxd5) 36... Rd4 $19 37. Rh3 Rd2 38. Rf3 Rd4 39. Rh3 $1 {Accuracy: White = 35%, Black = 63%.} *

[Event "Go-Makkah Chess Festival 2019"]
[Site "Sousse"]
[Date "2019.09.06"]
[Round "6.3"]
[White "Stefansson, Hannes"]
[Black "Amdouni, Zoubaier"]
[Result "0-1"]
[WhiteElo "2538"]
[BlackElo "2290"]
[Annotator "TA"]
[PlyCount "100"]
[EventDate "2019.09.02"]
[EventType "swiss"]
[EventCountry "TUN"]
[SourceTitle "playchess.com"]
[Source "ChessBase"]
[SourceQuality "1"]

{[%evp 9,100,-4,35,25,34,-8,-2,1,4,0,0,4,6,1,12,-11,0,-1,38,11,10,23,20,0,0,-6,0,-8,-10,-12,-15,-139,-137,-139,-141,-148,-145,-147,-138,-169,-161,-138,-141,-168,-168,-212,-168,-260,-213,-187,-156,-274,-176,-175,-188,-185,-172,-172,-163,-172,-171,-179,-86,-100,-102,-166,-175,-377,-382,-485,-458,-504,-510,-480,-472,-472,-268,-742,-281,-704,-696,-523,-30,-30,-30,-30,-30,-183,-102,-520,-183,-183,-204]} 1. d4 Nf6 2. Nf3 b6 3. e3 Bb7 4. Nbd2 g6 5. Bd3 d5 (5... Bg7 6. O-O O-O 7. b3 c5 8. Bb2 Nc6 9. a3 cxd4 10. exd4 d6 11. Re1 Nh5 12. Nc4 e6 {0-1 (51) Berescu,A (2454)-Sethuraman,S (2656) Benasque 2016}) 6. O-O {A47: 1 d4 Nf6 2 Nf3 b6: Torre, London and Colle Systems} Bg7 7. c3 O-O 8. b4 {The position is equal.} Nbd7 9. Bb2 c5 10. bxc5 $146 ({Predecessor:} 10. a4 Qc7 11. Rc1 c4 12. Be2 a6 13. Qc2 b5 14. a5 Rae8 {½-½ (51) Brockmann,M-Ebert,M Germany 1995}) 10... bxc5 11. c4 Rb8 12. Rb1 Qc7 13. dxc5 e5 {...e4 is the strong threat.} 14. cxd5 Bxd5 {And now ...e4 would win.} 15. Bc4 Qxc5 16. Bxd5 Qxd5 17. Nb3 e4 18. Qxd5 Nxd5 19. Rfd1 N7b6 $36 {[%mdl 2048] Black is more active.} ({But not} 19... exf3 20. Rxd5 Nb6 21. Bxg7 $14) 20. Ng5 (20. Ne5 $11 {remains equal.}) 20... Bxb2 $17 21. Rxb2 Nc4 22. Rc2 {[#]} Ncxe3 $1 {[%mdl 512]} 23. fxe3 Nxe3 {[%mdl 64] Double Attack} 24. Rcd2 Nxd1 25. Rxd1 Rb4 26. Re1 Re8 27. Nc5 Kg7 {Strongly threatening ...Re5.} 28. Nb3 (28. Rxe4 $142 Rexe4 29. Ngxe4) 28... h6 29. Nf3 Rd8 30. Ne5 (30. Nfd2 $17) 30... Rd5 31. Ng4 f5 32. Ne3 Rd6 33. g3 h5 34. Kf2 {[#]} a5 $1 {[%mdl 512]} 35. Nxa5 Rd2+ (35... Ra6 $1 $19 {[%cal Ra6a5] and Black stays clearly on top.} 36. Nac4 Rxa2+ 37. Kg1 h4 $1 {[%mdl 512]}) 36. Kg1 Rxa2 37. Nac4 {[#]} (37. Nc6 $17 {keeps fighting.} Rba4 38. h4) 37... h4 $1 $19 {[%mdl 512]} 38. Ne5 $2 (38. Rf1) (38. gxh4 f4) 38... h3 39. Rf1 Re2 40. N5c4 Rb3 41. Nd5 Rg2+ 42. Kh1 {[#]} Rf3 (42... Rf2 $142 $1 {[%cal Rf2f1][%mdl 512]} 43. Ra1 (43. Rxf2 Rb1+) 43... Ra2 $1 {[%mdl 512]}) 43. Nce3 $2 (43. Rb1) 43... Rxf1+ 44. Nxf1 g5 45. Nfe3 Re2 $2 (45... Rf2 $19 {aiming for ...f4.} 46. Kg1 Rf3) 46. Kg1 $1 $11 Kh7 {Hoping for ...Rd2.} 47. Nxf5 Rg2+ 48. Kf1 $2 (48. Kh1 $11 {and White is okay.}) 48... Rxh2 ({Better is} 48... Kg6 $19 49. Nh4+ gxh4 50. Nf4+ {[%mdl 64] Double Attack} Kh6 51. Nxg2 hxg2+ 52. Kxg2 Kh5) 49. Nde3 $2 {[%mdl 8192] [#]} (49. Kg1 $17 {is tougher.} Rg2+ 50. Kh1) 49... Rh1+ $2 (49... Re2 $1 {[%mdl 512]} 50. Kg1 (50. Kxe2 $2 {is the wrong capture.} h2 $19) 50... Kg6) 50. Kf2 $19 Ra1 {Accuracy: White = 32%, Black = 47%.} 0-1